| 000 | 00565nam#a22002175a#4500 | ||
|---|---|---|---|
| 001 | 794 | ||
| 008 | 081202s2008####ag#####g######000#f#spa#d | ||
| 245 | 1 | 0 |
_aCrónica de una muerte anunciada / _cGabriel García Márquez. |
| 250 | _a2ª ed. | ||
| 260 |
_aBuenos Aires : _bSudamericana, _c2008. |
||
| 300 |
_a144 p. ; _c23 cm. |
||
| 020 | _a9500726076 | ||
| 100 | 1 | _aGarcía Márquez, Gabriel. | |
| 080 | _a82-31 | ||
| 084 | _aG25 M26 | ||
| 653 | _aNarrativa Colombiana | ||
| 040 |
_aAR-ClEAG _cAR-ClEAG |
||
| 005 | 20241107184648.0 | ||
| 003 | AR-ClEAG | ||
| 942 | _cBK | ||
| 999 |
_c794 _d794 |
||
| 980 |
_62 _aEvangelina Gallicchio _82 _gEvangelina Gallicchio |
||